000 00510nam a2200157Ia 4500
999 _c19288
_d19288
003 OSt
005 20200602094659.0
008 190216s9999||||xx |||||||||||||| ||und||
040 _coclc
082 _a330.91719
_bALA/C
100 _aAlavi, Hamza
_92466
245 0 _aCapitalism And Colonial Production /
_cHamza Alavi ; P L Burns ; G R Knight .....
260 _bCroom Helm London And Sydney,
_c1982.
_aLondon:
300 _a198p
942 _cBK
_2ddc
_h330.91719
_iALA/C
_k330.91719
_mALA/C